Sur quelle île (ou archipel) se trouve cette ville - Statistiques

Statistiques générales
  • Ce quiz a été pris 18 fois
  • Le résultat moyen est 16 sur 40
Statistiques - réponses
Hint Réponse % Correct
Héraklion Crète
93%
Papeete Tahiti
86%
Las Palmas Iles Canaries
79%
Calvi Corse
71%
Funchal Madère
71%
Syracuse Sicile
71%
Nuuk Groenland
64%
Oranjestad Aruba
57%
Palma Majorque
57%
Yaren Nauru
57%
San Juan Porto Rico
57%
Malabo Bioko
50%
Haikou Hainan
50%
Tórshavn Iles Féroé
50%
Tarawa-Sud Kiribati
50%
Hamilton Bermudes
43%
Port-aux-Français Iles Kerguelen
43%
Sassari Sardaigne
43%
Hagåtña Guam
36%
Avarua Iles Cook
36%
Birkirkara Malte
36%
Koror Palaos
36%
Longyearbyen Spitzberg
36%
Douglas Ile de Man
29%
Saipan Iles Mariannes du Nord
29%
Alofi Niue
29%
The Valley Anguilla
21%
Kralendijk Bonaire
21%
Puerto Baquerizo Moreno Galapagos
21%
Hanga Roa Ile de Pâques
21%
Port Stanley Iles Malouines
21%
Adamstown Iles Pitcairn
21%
Road Town Iles Vierges Britanniques
21%
Charlotte-Amélie Iles Vierges des États-Unis
21%
Pago Pago Samoa Américaines
21%
Willemstad Curaçao
14%
George Town Iles Caïmans
14%
Brades Montserrat
14%
Launceston Tasmanie
14%
Belouchia Gouba Nouvelle-Zemble
7%
Aucun quiz correspondant
Distribution des résultats
% des personnes avec chaque résultat
Percentile par nombre de réponses
Votre historique - résultats
Vous n’avez pas pris ce quiz